Dievča z Liptova

Zobrazenie: Pohľad na dievča v kroji, ktoré sa opiera pravou rukou o stôl, na ktorom sú dve knihy. Dievča má cez pravé rameno stuhu na ktorej je trúbka, visiaca pri ľavom boku

Bibliographic Details
Format: Photo
Language:Slovak
Published: V Turč. Sv. Martine P. Socháň [medzi 1905 a 1912?]
Subjects:

MARC

LEADER 00000nkm a2200000 a 4500
001 vtls011990939
003 SK-MaSNL
005 20260301191432.0
007 kf bo
008 230706q1905 xo g kuslo
015 |a SNBG 
035 |a urn:nbn:sk:snk-km00eilx 
035 |a urn:nbn:sk:snk-km45wv6 
035 |a FA92FD36-CAF3-4000-B249-337BC85E3D1A 
040 |a SNK  |b slo  |c SNK  |e AACR2 
041 0 |a slo 
043 |a e-xo--- 
044 |a xo  |c SK 
072 7 |a 39  |x Kultúrna antropológia. Etnológia. Etnografia. Folklór  |2 konspekt 
080 |a 391(437.6)  |2 2011 
080 |a 94(084.121)  |2 2011 
245 0 0 |a Dievča z Liptova  |h grafika 
260 |a V Turč. Sv. Martine  |b P. Socháň  |c [medzi 1905 a 1912?] 
300 |a 1 pohľadnica  |b čiernobiela  |c 14 x 9 cm 
500 |a Názvové údaje prevzaté z obrazovej časti pohľadnice 
520 8 |a Zobrazenie: Pohľad na dievča v kroji, ktoré sa opiera pravou rukou o stôl, na ktorom sú dve knihy. Dievča má cez pravé rameno stuhu na ktorej je trúbka, visiaca pri ľavom boku 
650 0 7 |a ľudové odevy  |2 SNKPH  |9 85297 
650 0 7 |a etnografia  |2 SNKPH  |9 950 
651 7 |a Liptov (Slovensko : región)  |2 SNKPHgeo  |9 151081 
655 7 |a žánrové pohľadnice  |2 SNKPH  |9 70524 
655 7 |a historické pohľadnice  |2 SNKPH  |9 159703 
752 |a Slovensko  |d Martin 
852 |a Slovenská národná knižnica 
958 |a GBN 
958 |a GC 
958 |a ONDV 
999 |c 871021  |d 872951 
952 |a SNK  |b SNK  |y PREZ  |7 0  |p 17A1381468  |o snkSP 112516  |z Pohľadnica prešla poštou.  |0 0  |1 0  |4 0  |d 2020-09-07  |f 1  |l 0  |r 2026-02-24 05:41:59  |w 2026-02-24